000
00297nam a2200133Ia 4500
008
231017s9999 xx 000 0 und d
082
_a
388.309429
082
_b
WOR
245
0
_a
Rural Transport Overview
245
0
_c
George Banjo
260
_b
George Banjo
300
_c
30cm
942
_c
REP
999
_c
604336
_d
604336